| 000 | 00535nam a22002177a 4500 | ||
|---|---|---|---|
| 999 |
_c3907 _d3907 |
||
| 001 | 3907 | ||
| 003 | BD-JhCC | ||
| 005 | 20171119185520.0 | ||
| 008 | 171119s1983 bg |||| |||| 000 0 eng d | ||
| 035 | _a(BD-JhCC)3907 | ||
| 040 |
_aBD-JhCC _dBD-JhCC |
||
| 041 | _aeng | ||
| 082 |
_a340.0971 _bASA 1983 |
||
| 100 | _aAsad, Muhammad | ||
| 245 |
_aThis Law of Ours / _cMuhammad Asad |
||
| 260 |
_aDhaka : _bIslamic Foundation Bangladesh , _c1983. |
||
| 300 |
_a44 p. ; _c22 c. . |
||
| 650 | _aLaw | ||
| 942 |
_2ddc _cBK |
||